<?xml version="1.0" encoding="UTF-8"?>
<record
    xmlns:xsi="http://www.w3.org/2001/XMLSchema-instance"
    xsi:schemaLocation="http://www.loc.gov/MARC21/slim http://www.loc.gov/standards/marcxml/schema/MARC21slim.xsd"
    xmlns="http://www.loc.gov/MARC21/slim">

  <leader>01747    a2200241   4500</leader>
  <controlfield tag="001">57360</controlfield>
  <controlfield tag="005">20260407155835.0</controlfield>
  <controlfield tag="008">260407a2011    arg                 spa d</controlfield>
  <controlfield tag="003">AR-UNSa-BCEJYS</controlfield>
  <datafield tag="040" ind1=" " ind2=" ">
    <subfield code="a">AR-UNSa-BCEJYS</subfield>
    <subfield code="b">spa</subfield>
    <subfield code="c">AR-UNSa-BCEJYS</subfield>
  </datafield>
  <datafield tag="080" ind1=" " ind2=" ">
    <subfield code="a">330.101.8</subfield>
    <subfield code="x">Clasificaci&#xF3;n y subdivisiones de la econom&#xED;a. Te&#xF3;rica, pr&#xE1;ctica. Pura, aplicada. General, especial. Relaci&#xF3;n de la econom&#xED;a con la teor&#xED;a de la econom&#xED;a pol&#xED;tica. Interrelaciones de econom&#xED;a pol&#xED;tica, econom&#xED;a privada, econom&#xED;a de la empresa (econom&#xED;a comercial). Relaci&#xF3;n de la econom&#xED;a pol&#xED;tica general y especial. Econom&#xED;a sectorial</subfield>
  </datafield>
  <datafield tag="245" ind1="1" ind2="0">
    <subfield code="a">El hombre, la econom&#xED;a y el estado</subfield>
    <subfield code="p">tratado sobre principios de econom&#xED;a</subfield>
  </datafield>
  <datafield tag="020" ind1=" " ind2=" ">
    <subfield code="a">978-84-7209-554-0</subfield>
  </datafield>
  <datafield tag="264" ind1=" " ind2="1">
    <subfield code="a">Madrid :</subfield>
    <subfield code="b">Union Editorial</subfield>
    <subfield code="c">2011</subfield>
  </datafield>
  <datafield tag="300" ind1=" " ind2=" ">
    <subfield code="a">2 v. (527 ; 581 p.)</subfield>
    <subfield code="c">23 cm.</subfield>
  </datafield>
  <datafield tag="505" ind1=" " ind2=" ">
    <subfield code="a">Vol. I: 1. Los fundamentos de la acci&#xF3;n humana - 2. El intercambio directo &#x2013; 3. El modelo de intercambio indirecto &#x2013; 4. Los precios y el consumo &#x2013; 5. La producci&#xF3;n: su estructura &#x2013; 6. La producci&#xF3;n: la tasa de inter&#xE9;s y su determinaci&#xF3;n &#x2013; 7. La producci&#xF3;n: determinaci&#xF3;n general del precio de los factores &#x2013; Vol II: 8. La producci&#xF3;n: la funci&#xF3;n empresarial y el cambio &#x2013; 9. La producci&#xF3;n: los precios de los factores y los ingresos de la producci&#xF3;n &#x2013; 10. El monopolio y la competencia &#x2013; 11. El dinero y su poder adquisitivo &#x2013; 12. Las consecuencias econ&#xF3;micas de la intervenci&#xF3;n violenta en el mercado </subfield>
  </datafield>
  <datafield tag="041" ind1=" " ind2=" ">
    <subfield code="a">spa</subfield>
  </datafield>
  <datafield tag="942" ind1=" " ind2=" ">
    <subfield code="c">BK</subfield>
  </datafield>
  <datafield tag="590" ind1=" " ind2=" ">
    <subfield code="a">niveau_biblio:m niveau_hierar:0</subfield>
  </datafield>
  <datafield tag="100" ind1="1" ind2=" ">
    <subfield code="a">Rothbard, Murray N.</subfield>
  </datafield>
  <datafield tag="700" ind1="1" ind2=" ">
    <subfield code="a">Sedaca, Norberto R.</subfield>
  </datafield>
  <datafield tag="856" ind1="4" ind2="1">
    <subfield code="u">https://biblioeco.unsa.edu.ar/pmb/images/libros/L128750.jpg</subfield>
    <subfield code="y">Imagen de portada</subfield>
    <subfield code="q">image/jpeg</subfield>
  </datafield>
  <datafield tag="999" ind1=" " ind2=" ">
    <subfield code="c">6194</subfield>
    <subfield code="d">6194</subfield>
  </datafield>
  <datafield tag="952" ind1=" " ind2=" ">
    <subfield code="0">0</subfield>
    <subfield code="1">0</subfield>
    <subfield code="4">0</subfield>
    <subfield code="7">0</subfield>
    <subfield code="a">BCEJYS</subfield>
    <subfield code="b">BCEJYS</subfield>
    <subfield code="c">16</subfield>
    <subfield code="d">2026-04-07</subfield>
    <subfield code="l">0</subfield>
    <subfield code="o">330.101.8 R845 v.1</subfield>
    <subfield code="p">L128750</subfield>
    <subfield code="r">2026-04-07 15:58:35</subfield>
    <subfield code="w">2026-04-07</subfield>
    <subfield code="y">L</subfield>
  </datafield>
  <datafield tag="952" ind1=" " ind2=" ">
    <subfield code="0">0</subfield>
    <subfield code="1">0</subfield>
    <subfield code="4">0</subfield>
    <subfield code="7">0</subfield>
    <subfield code="a">BCEJYS</subfield>
    <subfield code="b">BCEJYS</subfield>
    <subfield code="c">16</subfield>
    <subfield code="d">2026-04-07</subfield>
    <subfield code="l">0</subfield>
    <subfield code="o">330.101.8 R845 v.2</subfield>
    <subfield code="p">L128751</subfield>
    <subfield code="r">2026-04-07 15:58:35</subfield>
    <subfield code="w">2026-04-07</subfield>
    <subfield code="y">L</subfield>
  </datafield>
</record>
